| 000 | | | 03597nmc2a22002413x 450 |
| 001 | | | 678e09a9-cc7d-46fa-8bbe-ae6d2e85b437 |
| 005 | | | 20210121214108.0 |
| 100 | ## | $a | 20200722l19131930k l0rusy0189 ca |
| 101 | 0# | $a | rus |
| 102 | ## | $a | RU |
| 105 | ## | $a | y### |
| 122 | 2# | $a | d |
| 200 | 1# | $a | Дело о членстве: заявления отдельных лиц о приёме их в общество и о выходе из него |
| | $j | 19 марта 1913 г. - 26 сентября 1930 г. |
| 215 | ## | $a | 85 л. |
| | $d | 36,5х26 см |
| 251 | ## | $c | Дело |
| 300 | ## | $a | Дело |
| 371 | ## | $a | Документ не является опубликованным и широко распространяемым |
| 461 | #0 | $1 | 0012c24e4e9-61e6-4711-aac7-22b51bec411a |
| | $1 | 2001 |
| | $a | Общество имени А.И. Куинджи |
| | $1 | 251 |
| | $c | Фонд |
| | $1 | 852 |
| | $j | 791 |
| 462 | #0 | $1 | 001d84ab006-a46f-45e3-ae30-3c4130d3ba4f |
| | $1 | 2001 |
| | $a | Общество имени А.И. Куинджи |
| | $1 | 251 |
| | $c | Опись |
| | $1 | 852 |
| | $j | 1 |
| 801 | #0 | $a | RU |
| | $b | РГИА |
| | $c | 20200722 |
| | $g | RCR |
| 801 | #1 | $a | RU |
| | $b | ГлавНИВЦ |
| | $c | 20200722 |
| | $2 | rusmarc |
| 801 | #2 | $a | RU |
| | $b | ПБ им. Б.Н. Ельцина |
| | $c | 20210121 |
| | $g | RCR |
| | $2 | rusmarc |
| 850 | ## | $a | РГИА |
| 852 | ## | $a | РГИА |
| | $e | Федеральное казенное учреждение "Российский государственный исторический архив" (РГИА) |
| | $j | 14 |
| 937 | ## | $h | РГИА |
| | $d | 12348626 |
| | $a | ASBIBLIO_SCAN |
| 035 | ## | $a | RusGRCC00008172 |
| 856 | ## | $u | http://readingroom.main.prlib.ru/item.aspx?id_node=n154859040&mode=full |